Trouvez les chanteurs de l'eurovision avec leur photo - Statistiques

Statistiques générales
  • Ce quiz a été pris 67 fois
    54 depuis la dernière actualisation
  • Le résultat moyen est 10 sur 12
Statistiques - réponses
Par images Réponse % Correct
ABBA
100%
Måneskin
96%
France Gall
94%
Céline Dion
92%
Loreen
92%
Conchita Wurst
86%
Duncan Laurence
76%
Alexander Rybak
74%
Käärijä
66%
Joost Klein
62%
Salvador Sobral
62%
Lordi
60%
Aucun quiz correspondant
Distribution des résultats
% des personnes avec chaque résultat
Percentile par nombre de réponses
Votre historique - résultats
Vous n’avez pas pris ce quiz depuis la dernière actualisation